Some dimensions of Human Biological Diversity among Indian populations / (Record no. 36593)

MARC details
000 -LEADER
fixed length control field 00457nam a2200121Ia 4500
008 - FIXED-LENGTH DATA ELEMENTS--GENERAL INFORMATION
fixed length control field 220512s9999 xx 000 0 eng d
100 ## - MAIN ENTRY--PERSONAL NAME
Personal name Bansal, IJS
245 #0 - TITLE STATEMENT
Title Some dimensions of Human Biological Diversity among Indian populations /
Statement of responsibility, etc. Bansal, IJS and Basu, Amitabha ed
260 ## - PUBLICATION, DISTRIBUTION, ETC.
Place of publication, distribution, etc. West Midnapore, West Bengal :
Name of publisher, distributor, etc. Indian National Confederation and Academy of Anthropologists,
Date of publication, distribution, etc. Feb-07
546 ## - LANGUAGE NOTE
Language note English
700 ## - ADDED ENTRY--PERSONAL NAME
Personal name Basu, Amitabha ed
942 ## - ADDED ENTRY ELEMENTS (KOHA)
Koha item type Research Papers
Holdings
Withdrawn status Lost status Damaged status Not for loan Collection code Home library Current library Date acquired Total Checkouts Barcode Date last seen Price effective from Koha item type
        Working Papers NASSDOC Library NASSDOC Library 12/05/2022   P846 12/05/2022 12/05/2022 Research Papers